000 01816nam1a2200397 4500
001 RU\NLR\bibl\1251373
005 20260408202150.0
035 _a(NLR Aleph) 001237457
090 _a237340
_c237340
100 _a20260201 rusy50
101 0 _arus
102 _aRU
105 _a||||z |||||
200 1 _aСолдаты трудового фронта
_eименной список участников трудового фронта Великой Отечественной войны 1941-1945 гг.
_fРос. Федерация, Ульянов. обл.
_gредкол.: Морозов С.И., пред. [и др.
_gсост. списков: Виноградова И.В. и др.]
210 _aУльяновск
_cОГУП "Областная типография "Печатный двор"
_d2007
215 _d29
300 _aТруженикам Ульянов. тыла посвящ.
463 0 _10011160146
463 0 _10011319712
463 0 _10011745085
463 0 _10011745082
463 0 _10011745293
463 0 _10011745299
463 0 _10011745441
606 _aВеликая Отечественная война
_z1941 - 1945
_xТыл (воен.)
_xГерои и героизм
_yУльяновская область
_3RU\NLR\auth\661492389
_92518161
686 _aТ3(2)722.9-207
686 _aЦ35(2)722-7-243д(2Р-4Ул)
702 1 _aВиноградова
_bИ. В.
_4220
702 1 _4340
_8rus
_7ca
_aМорозов
_bС. И.
_cканд. экон. наук, обществ. деятель
_f1959-
_gСергей Иванович
_3RU\NLR\auth\7732228
_915237
801 0 _aRU
_bNLR
_c20080710
_gRCR
801 1 _aRU
_bNLR
_c20080710
852 _aNLR
_jС 2011-5/13
942 _cBOOK
980 _aNB